000 00685nam a2200241Ia 4500
003 OSt
005 20220926012223.0
006 a|||||r|||| 00| 0
007 ta
008 220923b |||||||| |||| 00| 0 eng d
037 _cGeneral Book
040 _aRTL
_cRTL
_beng
041 _2eng
_aeng
082 _aX:97.73.N8, M2
100 _aFossum John A
_9315843
245 0 _aLabor Relations
_b Development, Structure, Process
250 _aRev
260 _aNew York
_bBusiness Publications USA
_c1982
300 _a521p
_ccm.
650 _aIndustrial Relations
_9232314
942 _hX:97.73.N8, M2
_cGB
_2CC
999 _c622118
_d622118